[Event "BEL-ch opB"]
[Site "Westerlo"]
[Date "2004.07.??"]
[Round "6"]
[White "Ingelaere, Frederik"]
[Black "Peleman, Tony"]
[Result "0-1"]
[WhiteElo "1676"]
[BlackElo "2063"]
[PlyCount "56"]
[EventDate "2004.07.??"]
[EventType "swiss"]
[EventRounds "9"]
[EventCountry "BEL"]
[SourceTitle "EXT 2005"]
[Source "ChessBase"]
[SourceDate "2004.11.15"]
[SourceVersion "1"]
[SourceVersionDate "2004.11.15"]
[SourceQuality "1"]

1. e4 c5 2. Nc3 Nc6 3. f4 d6 4. Nf3 g6 5. Bc4 Bg7 6. 0-0 e6 7. d3 Nge7 8. Qe1 a6 9. a4 b6 10. f5 gxf5 11. exf5 Nxf5 12. Ng5 Qe7 13. Rxf5 exf5 14. Bxf7+ Kd8 15. Be6 Bxe6 16. Nxe6+ Kd7 17. Nd5 Qxe6 18. Nxb6+ Ke7 19. Bg5+ Kf7 20. Qh4 Rae8 21. c4 Qe2 22. Nd5 Qg4 23. Rf1 Qxh4 24. Bxh4 Nd4 25. g4 Re2 26. gxf5 Be5 27. Nf4 Rxb2 28. Bg3 Rg8 0-1